Encyclopedia of multicultural education

保存先:
書誌詳細
第一著者: Mitchell, Bruce M.
団体著者: ebrary, Inc
その他の著者: Salsbury, Robert E.
フォーマット: 電子媒体 eBook
言語:英語
出版事項: Westport, Conn. : Greenwood Press, 1999.
主題:
オンライン・アクセス:An electronic book accessible through the World Wide Web; click to view
タグ: タグ追加
タグなし, このレコードへの初めてのタグを付けませんか!

MARC

LEADER 00000nam a2200000 a 4500
001 0000063847
005 20171002053108.0
006 m u
007 cr cn|||||||||
008 980911s1999 ctu sbe 001 0 eng
010 |z  98044222 
020 |z 0313300291 (alk. paper) 
035 |a (CaPaEBR)ebr10001983 
035 |a (OCoLC)232160838 
040 |a CaPaEBR  |c CaPaEBR 
050 1 4 |a LC1099.3  |b .M58 1999eb 
082 0 4 |a 370.117/0973  |2 21 
100 1 |a Mitchell, Bruce M. 
245 1 0 |a Encyclopedia of multicultural education  |h [electronic resource] /  |c Bruce M. Mitchell and Robert E. Salsbury. 
260 |a Westport, Conn. :  |b Greenwood Press,  |c 1999. 
300 |a viii, 304 p. 
504 |a Includes bibliographical references (p. [293]-298) and index. 
533 |a Electronic reproduction.  |b Palo Alto, Calif. :  |c ebrary,  |d 2013.  |n Available via World Wide Web.  |n Access may be limited to ebrary affiliated libraries. 
650 0 |a Multicultural education  |z United States  |v Encyclopedias. 
650 0 |a Multicultural education  |v Encyclopedias. 
655 7 |a Electronic books.  |2 local 
700 1 |a Salsbury, Robert E. 
710 2 |a ebrary, Inc. 
856 4 0 |u http://site.ebrary.com/lib/daystar/Doc?id=10001983  |z An electronic book accessible through the World Wide Web; click to view 
908 |a 170314 
942 0 0 |c EB 
999 |c 53005  |d 53005